000 00483nam a22001937a 4500
003 MPLRDC
005 20220104162023.0
008 210129b ||||| |||| 00| 0 eng d
020 _a7-5307-3718-X
082 _a859.6 LOB
100 _aMIRA LOBE
245 _a苹果树上的外婆
_c张桂贞译
250 _a重印
260 _a中国
_b新蕾出版社
_c2006
300 _b
490 _a国际大奖小说
650 _a儿童文学--小说
942 _cBK
_o859.6 LOB
999 _c55773
_d55763